000 00998cab a2200205 4500
001 ##L136507
008 070205n2007 000 0 eng u
035 _a(Sirsi) u136507
041 0 _aeng
110 2 _aChartered Institute of Building
_92134
245 0 0 _aNew technical qualifications in housing maintenance
_h[electronic resource]
260 _c2007
490 0 _aCIOB News Release
_v31 January 2007
520 _aThe new professional qualifications set up jointly by the CIOB and the CIH aim to provide a coherent programme of education for housing maintenance professionals in the social housing sector. The qualifications range from a Level 2 (GCSE equivalent) to a Level 4 Certificate/Diploma programme (HNC equivalent) covering maintenance management or development.
590 _aKA
651 4 _aUnited Kingdom
_y
690 _aCAREERS, EDUCATION AND TRAINING
856 4 0 _uhttps://www.ciob.org.uk/news/view/1301
_zView the item free of charge at www.ciob.org.uk...
942 _n0
999 _c78320
_d78320